L'Atenció al ciutadà a les Oficines Locals d'Habitatge / [material elaborat per Ana Maria Vidal]
Publicado:
Barcelona :
Diputació de Barcelona. Àrea d'Infrastructures, Urbanisme i Habitatge. Gerència de Serveis d'Habitatge, Urbanisme i Activitats. Servei de Gestió i Habitatge ,
2008
Descripción Física:
38 p. : il. ; 30 cm
MARC
| LEADER | 00000nam a2200000Ia 4500 | ||
|---|---|---|---|
| 001 | 21171 | ||
| 008 | 160829s2008 xx 000 0 cat d | ||
| 080 | |a FU-32-2 | ||
| 100 | |a Vidal, Ana Maria |9 43958 | ||
| 245 | |a L'Atenció al ciutadà a les Oficines Locals d'Habitatge / [material elaborat per Ana Maria Vidal] | ||
| 260 | |a Barcelona : |b Diputació de Barcelona. Àrea d'Infrastructures, Urbanisme i Habitatge. Gerència de Serveis d'Habitatge, Urbanisme i Activitats. Servei de Gestió i Habitatge, |c 2008 | ||
| 300 | |a 38 p. : |b il. ; |c 30 cm | ||
| 590 | |a Bibliografia. | ||
| 590 | |a A la coberta: Del 28 d'octubre al 16 de desembre de 2008. Edifici El Vagó, Escola Industrial, Barcelona. | ||
| 650 | |a Comunicació |x Manuals, guies, etc. |9 42012 | ||
| 650 | |a Atenció |x Manuals, guies, etc. |9 42013 | ||
| 650 | 0 | |a Habitatge |9 10716 | |
| 710 | 1 | |a Barcelona (Catalunya : Província). |b Servei de Gestió i Habitatge |9 56518 | |
| 901 | |a Arxiu | ||
| 942 | |n 1 | ||
| 952 | |0 0 |1 0 |4 0 |6 FU322 |7 1 |9 51699 |a Arxiu |b Arxiu |d 2016-12-01 |l 0 |o FU-32-2 |p 21171 |r 2016-12-01 00:00:00 |w 2016-12-01 |y ARXIU | ||
| 999 | |c 55544 |d 55544 | ||